000 00281nam a22001217a 4500
008 170526b xxu||||| |||| 00| 0 eng d
041 _aeng
080 _22ND
_a621
100 _a27
101 _aIM
245 _aENGINEERING MECHANICS OF DEFORMABLE BODIES
_cBYARS
942 _2udc
_cBK
999 _c14541
_d14541